Major cities with the most stop-start traffic - Statistics

General Stats
  • This quiz has been taken 53 times
  • The average score is 11 of 20
Answer Stats
Rank Avg # stops / vehicle / year City % Correct
18 21,000 London
90%
2 30,480 Mexico City
85%
3 29,520 Moscow
85%
4 28,200 Beijing
81%
17 22,200 Sao Paulo
79%
9 24,960 Shanghai
79%
13 22,920 Buenos Aires
67%
6 28,080 Rome
65%
7 28,080 Jakarta
63%
8 26,040 Bangkok
54%
1 31,200 Istanbul
52%
12 23,040 Milan
52%
5 28,080 St Petersburg
52%
15 22,320 Madrid
50%
19 20,400 Barcelona
46%
16 22,320 Amsterdam
35%
14 22,680 Manchester
17%
11 24,360 Guadalajara
6%
20 20,280 Kaohsiung
2%
10 24,360 Surabaya
2%
No matching quizzes found
Score Distribution
Percent of People with Each Score
Percentile by Number Answered
Your Score History
You have not taken this quiz